| 000 | 00609nam a22002297a 4500 | ||
|---|---|---|---|
| 003 | OSt | ||
| 005 | 20140312144139.0 | ||
| 008 | 131008t xxu||||| |||| 00| 0 eng d | ||
| 020 | _a9780439691413 | ||
| 050 |
_aPZ 7 _b.St857g18 2005 |
||
| 100 | _aStilton, Geronimo | ||
| 245 |
_aShipwreck on the pirate islands / _bGeronimo Stilton. |
||
| 260 |
_aNew York : _bScholastic Inc., _c2005. |
||
| 300 |
_a107 p. : _bill. col. ; _c20 cm. |
||
| 440 |
_aGeronimo Stilton _n#18 |
||
| 521 | _aG2 | ||
| 526 | _c490 | ||
| 650 |
_aFiction _xJuvenile _926638 |
||
| 942 |
_2lcc _cBK |
||
| 999 |
_c42969 _d42969 |
||